Situación de la educación en Panamá/
Se establece el estado del arte de la educación en Panamá, en sus distintos niveles, a partir del enfoque cuantitativo y del análisis estadístico, con indicadores de la materia de año 2010 acerca de: alfabetismo, personas con educación primaria, promedio de años aprobados de la población, cobertura...
Guardado en:
| Hovedforfatter: | |
|---|---|
| Format: | Bog |
| Sprog: | Spanish |
| Fag: | |
| Tags: |
Tilføj Tag
Ingen Tags, Vær først til at tagge denne postø!
|
MARC
| LEADER | 00000nam a22000007a 4500 | ||
|---|---|---|---|
| 003 | cru CIDCACS/IIS | ||
| 005 | 20180820143850.0 | ||
| 007 | ta | ||
| 008 | 180125s2013 |||p|r|||| |0| 0|spa|d | ||
| 999 | |c 40891 |d 40891 | ||
| 040 | |c cru CIDCACS/IIS | ||
| 100 | 1 | |9 6490 |a Méndez Rodríguez, Euclides Antonio, |d 1964- | |
| 245 | 1 | |a Situación de la educación en Panamá/ |c E. Antonio Méndez | |
| 300 | |a páginas 189-248: |b tablas | ||
| 520 | |a Se establece el estado del arte de la educación en Panamá, en sus distintos niveles, a partir del enfoque cuantitativo y del análisis estadístico, con indicadores de la materia de año 2010 acerca de: alfabetismo, personas con educación primaria, promedio de años aprobados de la población, cobertura escolar, matrícula, personal docente, deserción escolar, desaprobación y rezago educativo, educación especial, así como infraestructura, costos y presupuestos en materia educativa. A partir del panorama descrito por los indicadores mencionados, se pretende establecer cuestionamientos acerca de alternativas en política educativa que permitan elevar el nivel educativo de la población panameña, a partir de acciones concretas del Ministerio de Educación de Panamá, como órgano rector en la materia educativa. | ||
| 650 | 0 | |9 7494 |a INVESTIGACION DE LA EDUCACION | |
| 650 | 0 | |9 7493 |a DESARROLLO DE LA EDUCACION | |
| 650 | 0 | |9 7495 |a ESTADISTICAS DE LA EDUCACION | |
| 650 | 0 | |9 7496 |a INDICADORES EDUCATIVOS | |
| 650 | 0 | |9 3154 |a POLITICA EDUCATIVA | |
| 650 | 0 | |9 7492 |a REFORMAS DE LA EDUCACION | |
| 651 | 0 | |9 353 |a PANAMA | |
| 773 | 0 | |0 40875 |9 1755 |a Programa FLACSO-Panamá |d Panamá : FLACSO |o 18843 |t Procesos Sociales: |x 22192611 | |
| 942 | |2 ddc |c PP | ||
